Focus (Record no. 81433)

MARC details
000 -LEADER
fixed length control field 00937cab a22002055a 4500
001 - CONTROL NUMBER
control field L147210
008 - FIXED-LENGTH DATA ELEMENTS--GENERAL INFORMATION
fixed length control field 090416e20090411xxkado f s 000 0 eng d
035 ## - SYSTEM CONTROL NUMBER
System control number (Sirsi) u147210
041 0# - LANGUAGE CODE
Language code of text/sound track or separate title eng
100 1# - MAIN ENTRY--PERSONAL NAME
Personal name Cunningham, Daniel
245 00 - TITLE STATEMENT
Title Focus
Remainder of title Bristol, Swindon and Bath
260 ## - PUBLICATION, DISTRIBUTION, ETC.
Date of publication, distribution, etc. 2009
490 #0 - SERIES STATEMENT
Series statement Estates Gazette
Volume/sequential designation (0914) 11 April 2009, 55-73(13)
520 ## - SUMMARY, ETC.
Summary, etc. Reveals that developers are offering longer rent-free periods to maintain headline rents, while others are choosing to put schemes on hold to avoid oversupplying the market. Presents results of the Estates Gazette Sentiment Survey of Bristol's property sector. Reports on the progress of a regeneration plan for Swindon and the state of the industrial lettings market.
590 ## - LOCAL NOTE (RLIN)
Local note KA
650 24 - SUBJECT ADDED ENTRY--TOPICAL TERM
Topical term or geographic name entry element ESTATES GAZETTE SENTIMENT SURVEY
651 #4 - SUBJECT ADDED ENTRY--GEOGRAPHIC NAME
Geographic name South West (England)
Chronological subdivision 1994-
690 ## - LOCAL SUBJECT ADDED ENTRY--TOPICAL TERM (OCLC, RLIN)
Topical term or geographic name as entry element PROPERTY-COMMERCIAL PROPERTY-COMMERCIAL PROPERTY MARKET
942 ## - ADDED ENTRY ELEMENTS (KOHA)
Suppress in OPAC 0
Holdings
Withdrawn status Lost status Source of classification or shelving scheme Damaged status Not for loan Home library Current library Shelving location Date acquired Total Checkouts Full call number Barcode Date last seen Copy number Price effective from Koha item type
    Dewey Decimal Classification     London London Journal article 16/04/2009   L147210 147210-1001 06/08/2019 1 06/08/2019 Journal article